[Event "NB II. Szechenyi csoport"]
[Site "Keszthely"]
[Date "2023.12.10"]
[Round "3.5"]
[White "Tanczos, Dezso"]
[Black "Tamas, Gyorgy"]
[Result "0-1"]
[WhiteElo "1808"]
[BlackElo "1899"]
[PlyCount "78"]
[EventDate "2023.10.08"]
[EventType "team-tourn"]
[EventRounds "9"]
[EventCountry "HUN"]
[Source "chess.hu"]
[WhiteTeam "Sentimento Ajka BSK "]
[BlackTeam "Spartacus Sportkor"]
[WhiteTeamCountry "HUN"]
[BlackTeamCountry "HUN"]

1. e4 c5 2. Nf3 d6 3. d4 cxd4 4. Nxd4 Nf6 5. f3 Nc6 6. c3 e5 7. Nxc6 bxc6 8.
Be3 Be7 9. Be2 O-O 10. O-O Be6 11. Qa4 Qc7 12. Rd1 d5 13. exd5 cxd5 14. Bg5
Qb6+ 15. Kh1 Qxb2 16. Nd2 Qxc3 17. Rab1 h6 18. Rdc1 Qa3 19. Qxa3 Bxa3 20. Rc3
hxg5 21. Rxa3 Rfc8 22. Bd3 g4 23. Kg1 gxf3 24. gxf3 Nh5 25. Rb7 Nf4 26. Kf2 a5
27. Bb1 g6 28. Kg3 Rc1 29. Kf2 Rd1 30. Rb2 Kg7 31. Rab3 Nh3+ 32. Ke2 Rg1 33.
Nf1 d4 34. Ra3 Bc4+ 35. Bd3 Bxd3+ 36. Kxd3 Rxf1 37. Ke4 Re1+ 38. Kd5 Nf4+ 39.
Kd6 d3 0-1

[Event "NB II. Szechenyi csoport"]
[Site "Keszthely"]
[Date "2023.12.10"]
[Round "3.6"]
[White "Suket, Ferenc"]
[Black "Ludvai, Zsolt"]
[Result "1/2-1/2"]
[WhiteElo "1781"]
[BlackElo "1786"]
[PlyCount "20"]
[EventDate "2023.10.08"]
[EventType "team-tourn"]
[EventRounds "9"]
[EventCountry "HUN"]
[Source "chess.hu"]
[WhiteTeam "Spartacus Sportkor"]
[BlackTeam "Sentimento Ajka BSK "]
[WhiteTeamCountry "HUN"]
[BlackTeamCountry "HUN"]

1. e4 e6 2. d4 d5 3. e5 c5 4. c3 Nc6 5. Be3 Qb6 6. Qd2 cxd4 7. cxd4 Bb4 8. Nc3
Bd7 9. f4 Nh6 10. Nf3 Nf5 1/2-1/2

[Event "NB II. Szechenyi csoport"]
[Site "Keszthely"]
[Date "2023.12.10"]
[Round "3.7"]
[White "Soos, David"]
[Black "Suket, Mark"]
[Result "1-0"]
[WhiteElo "1818"]
[BlackElo "1717"]
[PlyCount "27"]
[EventDate "2023.10.08"]
[EventType "team-tourn"]
[EventRounds "9"]
[EventCountry "HUN"]
[Source "chess.hu"]
[WhiteTeam "Sentimento Ajka BSK "]
[BlackTeam "Spartacus Sportkor"]
[WhiteTeamCountry "HUN"]
[BlackTeamCountry "HUN"]

1. d4 d5 2. Nf3 Nf6 3. g3 b6 4. Bg2 Bb7 5. O-O Nc6 6. c4 e6 7. Nc3 Bb4 8. Bg5
dxc4 9. Ne5 Nxe5 10. Bxf6 gxf6 11. Bxb7 Rb8 12. dxe5 Bxc3 13. Bc6+ Ke7 14. bxc3
1-0

[Event "NB II. Szechenyi csoport"]
[Site "Keszthely"]
[Date "2023.12.10"]
[Round "3.8"]
[White "Gyorfi, Norbert"]
[Black "Vincze, Otto"]
[Result "1/2-1/2"]
[WhiteElo "1662"]
[BlackElo "1689"]
[PlyCount "44"]
[EventDate "2023.10.08"]
[EventType "team-tourn"]
[EventRounds "9"]
[EventCountry "HUN"]
[Source "chess.hu"]
[WhiteTeam "Spartacus Sportkor"]
[BlackTeam "Sentimento Ajka BSK "]
[WhiteTeamCountry "HUN"]
[BlackTeamCountry "HUN"]

1. c4 Nf6 2. g3 d6 3. Bg2 c6 4. Nc3 e5 5. e4 Be7 6. Nge2 O-O 7. O-O Be6 8. d3
Na6 9. a3 Qd7 10. f4 Bh3 11. f5 Bxg2 12. Kxg2 d5 13. Bg5 d4 14. Bxf6 Bxf6 15.
Na2 Bg5 16. g4 f6 17. Ng3 Qf7 18. Nc1 Rfb8 19. b4 c5 20. b5 Nc7 21. a4 b6 22.
Nb3 a5 1/2-1/2

[Event "NB II. Szechenyi csoport"]
[Site "Keszthely"]
[Date "2023.12.10"]
[Round "3.10"]
[White "Jakab, Aron"]
[Black "Holczbauer, Florian"]
[Result "1/2-1/2"]
[WhiteElo "1556"]
[BlackElo "1713"]
[PlyCount "59"]
[EventDate "2023.10.08"]
[EventType "team-tourn"]
[EventRounds "9"]
[EventCountry "HUN"]
[Source "chess.hu"]
[WhiteTeam "Spartacus Sportkor"]
[BlackTeam "Sentimento Ajka BSK "]
[WhiteTeamCountry "HUN"]
[BlackTeamCountry "HUN"]

1. e4 c5 2. Nf3 d6 3. d4 cxd4 4. Nxd4 Nf6 5. Nc3 a6 6. Be3 e6 7. Nf3 Be7 8. Be2
O-O 9. O-O b5 10. a3 Bb7 11. e5 dxe5 12. Nxe5 Qc7 13. Bf3 Rd8 14. Qe2 Nc6 15.
Nxc6 Bxc6 16. Bxc6 Qxc6 17. Rfd1 h6 18. Bf4 Nd5 19. Nxd5 Rxd5 20. Rxd5 Qxd5 21.
Rd1 Qf5 22. Bd6 Bf6 23. c3 Rc8 24. g3 Rc4 25. Kg2 h5 26. Qf3 Qxf3+ 27. Kxf3 a5
28. h4 g6 29. Ke3 Kg7 30. f4 1/2-1/2

[Event "NB II. Szechenyi csoport"]
[Site "Keszthely"]
[Date "2023.12.10"]
[Round "3.11"]
[White "Fekete, Laszlo"]
[Black "Janzso, Levente"]
[Result "1-0"]
[WhiteElo "1603"]
[BlackElo "1355"]
[PlyCount "57"]
[EventDate "2023.10.08"]
[EventType "team-tourn"]
[EventRounds "9"]
[EventCountry "HUN"]
[Source "chess.hu"]
[WhiteTeam "Sentimento Ajka BSK "]
[BlackTeam "Spartacus Sportkor"]
[WhiteTeamCountry "HUN"]
[BlackTeamCountry "HUN"]

1. Nf3 Nf6 2. c4 g6 3. g3 Bg7 4. Bg2 c6 5. Nc3 d5 6. cxd5 cxd5 7. d4 Nc6 8. O-O
O-O 9. Bf4 Bg4 10. Ne5 Bf5 11. Rc1 Rc8 12. Qa4 a5 13. Rfd1 Ne4 14. Nxe4 Nxe5
15. dxe5 Rxc1 16. Bxc1 Bd7 17. Qd4 Bc6 18. Nc3 Qc7 19. Nxd5 Bxd5 20. Qxd5 Bxe5
21. Qxb7 Qc2 22. Qd5 Bg7 23. Qd3 Qc7 24. Bf4 Qb6 25. b3 e5 26. Be3 Qf6 27. Qb5
Rd8 28. Rxd8+ Qxd8 29. Bd5 1-0

[Event "NB II. Szechenyi csoport"]
[Site "Keszthely"]
[Date "2023.12.10"]
[Round "3.12"]
[White "Kis, Vanda Liana"]
[Black "Horvath, Matyas Sandor"]
[Result "0-1"]
[WhiteElo "1143"]
[BlackElo "1574"]
[PlyCount "112"]
[EventDate "2023.10.08"]
[EventType "team-tourn"]
[EventRounds "9"]
[EventCountry "HUN"]
[Source "chess.hu"]
[WhiteTeam "Spartacus Sportkor"]
[BlackTeam "Sentimento Ajka BSK "]
[WhiteTeamCountry "HUN"]
[BlackTeamCountry "HUN"]

1. e4 c5 2. Nf3 Nc6 3. d4 cxd4 4. Nxd4 e5 5. Nf3 d6 6. Nc3 Nf6 7. Bd3 Be6 8.
O-O Be7 9. Be3 O-O 10. Re1 d5 11. exd5 Nxd5 12. Nxd5 Qxd5 13. c4 Qd6 14. Qc2 f5
15. Rad1 Qc7 16. Ng5 Bxg5 17. Bxg5 h6 18. Be3 Nb4 19. Qb3 Nxd3 20. Qxd3 Rad8
21. Qc3 Rxd1 22. Rxd1 Rf6 23. b3 Rg6 24. Qd3 Qc6 25. g3 Kh7 26. Kf1 f4 27. gxf4
Qh1+ 28. Ke2 Bg4+ 29. Kd2 Qxd1+ 30. Kc3 Qxd3+ 31. Kxd3 exf4 32. Bxf4 Ra6 33. a4
Rc6 34. b4 a6 35. Kd4 Be6 36. c5 b6 37. cxb6 Rxb6 38. Kc5 Rb7 39. b5 axb5 40.
axb5 Rf7 41. Bg3 Bh3 42. b6 Bg2 43. Kb5 Rb7 44. Ka6 Kg6 45. Bc7 Kf5 46. h4 h5
47. Bg3 Ke6 48. Bc7 Kd7 49. Be5 g6 50. f4 Kc6 51. Bd4 Bf1+ 52. Ka5 Rb8 53. Kb4
Rxb6+ 54. Bxb6 Kxb6 55. Kc3 Kc5 56. Kd2 Kd4 0-1

[Event "NB II. Szechenyi csoport"]
[Site "Zalaegerszeg"]
[Date "2023.12.10"]
[Round "3.1"]
[White "Jonas, Zsolt"]
[Black "Boronyak, Arpad"]
[Result "1/2-1/2"]
[WhiteElo "2036"]
[BlackElo "2062"]
[PlyCount "33"]
[EventDate "2023.10.08"]
[EventType "team-tourn"]
[EventRounds "9"]
[EventCountry "HUN"]
[Source "chess.hu"]
[WhiteTeam "Ezust Huszar SE"]
[BlackTeam "Z. Baki Agrocentrum"]
[WhiteTeamCountry "HUN"]
[BlackTeamCountry "HUN"]

1. e4 c5 2. Nf3 e6 3. d4 cxd4 4. Nxd4 Nf6 5. Nc3 Nc6 6. Nxc6 bxc6 7. Bd3 d5 8.
O-O Be7 9. e5 Nd7 10. Qh5 g6 11. Qe2 Nc5 12. Bh6 Bg5 13. Bxg5 Qxg5 14. f4 Qe7
15. Kh1 a5 16. Qd2 O-O 17. Rf3 1/2-1/2

[Event "NB II. Szechenyi csoport"]
[Site "Zalaegerszeg"]
[Date "2023.12.10"]
[Round "3.3"]
[White "Oltean, Gusztav"]
[Black "Bali, Adam"]
[Result "1/2-1/2"]
[WhiteElo "1998"]
[BlackElo "1934"]
[PlyCount "66"]
[EventDate "2023.10.08"]
[EventType "team-tourn"]
[EventRounds "9"]
[EventCountry "HUN"]
[Source "chess.hu"]
[WhiteTeam "Ezust Huszar SE"]
[BlackTeam "Z. Baki Agrocentrum"]
[WhiteTeamCountry "HUN"]
[BlackTeamCountry "HUN"]

1. e4 d6 2. d4 Nf6 3. Nc3 c6 4. a4 Bg4 5. f3 Bh5 6. g4 Bg6 7. h4 h6 8. Be3 Qc7
9. Bc4 e6 10. Nge2 d5 11. exd5 exd5 12. Bf4 Bd6 13. Bxd6 Qxd6 14. Bd3 Bxd3 15.
Qxd3 Na6 16. Qf5 Qd7 17. Qxd7+ Kxd7 18. Kd2 Rae8 19. Nf4 Re7 20. g5 Ne8 21. g6
Nd6 22. Rae1 Rhe8 23. Rxe7+ Rxe7 24. h5 Nc7 25. b3 Nf5 26. Nce2 Ne6 27. c3 Ng5
28. Rf1 fxg6 29. hxg6 Nh4 30. Ng1 Re8 31. Nh5 Re7 32. Nf4 Re8 33. Nh5 Re7
1/2-1/2

[Event "NB II. Szechenyi csoport"]
[Site "Zalaegerszeg"]
[Date "2023.12.10"]
[Round "3.4"]
[White "Kirchner, Peter"]
[Black "Szabo, Balazs"]
[Result "1-0"]
[WhiteElo "1989"]
[BlackElo "1918"]
[PlyCount "81"]
[EventDate "2023.10.08"]
[EventType "team-tourn"]
[EventRounds "9"]
[EventCountry "HUN"]
[Source "chess.hu"]
[WhiteTeam "Z. Baki Agrocentrum"]
[BlackTeam "Ezust Huszar SE"]
[WhiteTeamCountry "HUN"]
[BlackTeamCountry "HUN"]

1. Nc3 d5 2. e4 d4 3. Nce2 e5 4. f4 exf4 5. Nxf4 Bd6 6. d3 Nc6 7. g3 Nge7 8.
Nf3 Ng6 9. Bg2 Bg4 10. h3 Nxf4 11. Bxf4 Bxf4 12. gxf4 Bxf3 13. Qxf3 Qh4+ 14.
Qf2 Qxf2+ 15. Kxf2 O-O-O 16. h4 Ne7 17. h5 f5 18. e5 Nd5 19. Bxd5 Rxd5 20. Rhg1
Rg8 21. Rg5 g6 22. Ke2 Rd7 23. Rag1 Rdg7 24. c3 c5 25. cxd4 cxd4 26. Kd2 Kd7
27. b4 Ke6 28. Kc2 Rc7+ 29. Kb2 Kf7 30. hxg6+ hxg6 31. Rc1 Rgc8 32. Rxc7+ Rxc7
33. Rg2 b5 34. Rh2 Kg7 35. Rc2 Rxc2+ 36. Kxc2 Kf7 37. Kd2 Ke6 38. Ke2 g5 39.
fxg5 Kxe5 40. Kf3 f4 41. g6 1-0

[Event "NB II. Szechenyi csoport"]
[Site "Zalaegerszeg"]
[Date "2023.12.10"]
[Round "3.5"]
[White "Major, Robert"]
[Black "Nemeth, Jozsef"]
[Result "1/2-1/2"]
[WhiteElo "1848"]
[BlackElo "1929"]
[PlyCount "122"]
[EventDate "2023.10.08"]
[EventType "team-tourn"]
[EventRounds "9"]
[EventCountry "HUN"]
[Source "chess.hu"]
[WhiteTeam "Ezust Huszar SE"]
[BlackTeam "Z. Baki Agrocentrum"]
[WhiteTeamCountry "HUN"]
[BlackTeamCountry "HUN"]

1. d4 d5 2. Bf4 c6 3. c3 e6 4. e3 Bd6 5. Bg3 Nf6 6. Nd2 b6 7. Bd3 Ba6 8. Qe2
Bxd3 9. Qxd3 Bxg3 10. hxg3 h6 11. Ngf3 Nbd7 12. e4 dxe4 13. Nxe4 Qc7 14. Nxf6+
Nxf6 15. Ne5 Nd7 16. O-O-O Nxe5 17. dxe5 O-O 18. Qd6 Qb7 19. Qd7 Qa6 20. a3 Qe2
21. Rd2 Qxe5 22. Qxc6 Rac8 23. Qf3 Rc7 24. Rh5 f5 25. Qf4 Qxf4 26. gxf4 Kf7 27.
Rh1 Ke7 28. Rhd1 Rfc8 29. Kc2 Rb7 30. g3 Rcc7 31. Re1 Rd7 32. Rde2 Rd6 33. Re5
Kf6 34. c4 Rbd7 35. R1e2 Rc7 36. Kc3 Rdc6 37. b3 a6 38. a4 g5 39. fxg5+ hxg5
40. f4 gxf4 41. gxf4 Rg7 42. R5e3 Rg1 43. Rf3 b5 44. axb5 axb5 45. Rc2 Re1 46.
Kd2 Re4 47. cxb5 Rxc2+ 48. Kxc2 Rb4 49. Kc3 Rxb5 50. Kc4 Rb8 51. b4 e5 52.
fxe5+ Kxe5 53. b5 f4 54. Kc5 Ke4 55. Rf1 Ke3 56. Kc6 f3 57. b6 Ke2 58. Kc7 Kxf1
59. Kxb8 Ke1 60. b7 f2 61. Kc8 f1=Q 1/2-1/2

[Event "NB II. Szechenyi csoport"]
[Site "Zalaegerszeg"]
[Date "2023.12.10"]
[Round "3.6"]
[White "Preisz, Balazs"]
[Black "Szunyogh, Istvan"]
[Result "1/2-1/2"]
[WhiteElo "1939"]
[BlackElo "1763"]
[PlyCount "32"]
[EventDate "2023.10.08"]
[EventType "team-tourn"]
[EventRounds "9"]
[EventCountry "HUN"]
[Source "chess.hu"]
[WhiteTeam "Z. Baki Agrocentrum"]
[BlackTeam "Ezust Huszar SE"]
[WhiteTeamCountry "HUN"]
[BlackTeamCountry "HUN"]

1. e4 e6 2. d3 d5 3. Nd2 Nf6 4. Ngf3 dxe4 5. dxe4 Nc6 6. Bb5 Bd7 7. O-O a6 8.
Bd3 g6 9. Nc4 b5 10. Nce5 Bg7 11. Bg5 Nxe5 12. Nxe5 h6 13. Bxf6 Bxf6 14. Nxd7
Qxd7 15. Qf3 Be5 16. Rad1 O-O 1/2-1/2

[Event "NB II. Szechenyi csoport"]
[Site "Zalaegerszeg"]
[Date "2023.12.10"]
[Round "3.7"]
[White "Matyi, Attila"]
[Black "Korcz, Sandor"]
[Result "1-0"]
[WhiteElo "1891"]
[BlackElo "1869"]
[PlyCount "81"]
[EventDate "2023.10.08"]
[EventType "team-tourn"]
[EventRounds "9"]
[EventCountry "HUN"]
[Source "chess.hu"]
[WhiteTeam "Ezust Huszar SE"]
[BlackTeam "Z. Baki Agrocentrum"]
[WhiteTeamCountry "HUN"]
[BlackTeamCountry "HUN"]

1. d4 d5 2. Bf4 Nf6 3. Nc3 c6 4. e3 Bf5 5. f3 h5 6. Bd3 Bxd3 7. Qxd3 e6 8. e4
Be7 9. Nh3 Na6 10. a3 Qb6 11. b4 Bxb4 12. axb4 Nxb4 13. Qd2 Qxd4 14. e5 Nd7 15.
Ra4 Qc4 16. Kd1 a5 17. Nf2 b5 18. Ra1 Nxc2 19. Nce4 dxe4 20. Nxe4 Qd4 21. Kxc2
Qc4+ 22. Kb2 O-O 23. Rhc1 Nb6 24. Kb1 Qb3+ 25. Qb2 Qd5 26. Rc5 Qd3+ 27. Qc2 Qd4
28. Ng5 g6 29. Nxe6 Qb4+ 30. Ka2 Nc4 31. Rxc4 bxc4 32. Nxf8 Kxf8 33. Rc1 c3 34.
Bh6+ Ke7 35. Qxc3 Qb5 36. Qc5+ Ke8 37. Qf8+ Kd7 38. Qxf7+ Kc8 39. Qe8+ Kc7 40.
Qe7+ Kc8 41. Qe6+ 1-0

[Event "NB II. Szechenyi csoport"]
[Site "Zalaegerszeg"]
[Date "2023.12.10"]
[Round "3.8"]
[White "Nagy, Benedek"]
[Black "Juhasz, Nagy Sandor"]
[Result "1/2-1/2"]
[WhiteElo "1776"]
[BlackElo "1752"]
[PlyCount "100"]
[EventDate "2023.10.08"]
[EventType "team-tourn"]
[EventRounds "9"]
[EventCountry "HUN"]
[Source "chess.hu"]
[WhiteTeam "Z. Baki Agrocentrum"]
[BlackTeam "Ezust Huszar SE"]
[WhiteTeamCountry "HUN"]
[BlackTeamCountry "HUN"]

1. e4 c6 2. d4 d5 3. e5 Bf5 4. Nf3 e6 5. Be2 c5 6. c3 Nc6 7. O-O Qb6 8. a4 cxd4
9. cxd4 Bb4 10. Nc3 Nge7 11. Be3 O-O 12. Bd3 Rac8 13. Nh4 Bxd3 14. Qxd3 Ng6 15.
Nxg6 fxg6 16. Ne2 Ne7 17. Bg5 Rf5 18. f4 Rf7 19. Kh1 Nc6 20. Rac1 Be7 21. Bxe7
Nxe7 22. b3 a6 23. g4 Rcf8 24. Rf3 g5 25. Rcf1 gxf4 26. Rxf4 Ng6 27. Rxf7 Rxf7
28. Rxf7 Kxf7 29. Kg2 Qb4 30. Qd1 Qe7 31. Qd2 Qh4 32. h3 h6 33. Ng3 Qe7 34. Nh5
Kg8 35. Qc2 Qf7 36. Qc8+ Kh7 37. Qc2 Kg8 38. Kg3 Ne7 39. Nf4 Nc6 40. Qc3 a5 41.
h4 g6 42. Qd3 Kg7 43. h5 gxh5 44. Nxh5+ Kf8 45. Qd2 Qg6 46. Nf6 Ke7 47. Qc3 Kf7
48. Qe3 Qg5 49. Qd3 Qg6 50. Qe3 Qg5 1/2-1/2

[Event "NB II. Szechenyi csoport"]
[Site "Zalaegerszeg"]
[Date "2023.12.10"]
[Round "3.9"]
[White "Geroly, Jozsef"]
[Black "Cseke, Mihaly"]
[Result "1/2-1/2"]
[WhiteElo "1662"]
[BlackElo "1792"]
[PlyCount "49"]
[EventDate "2023.10.08"]
[EventType "team-tourn"]
[EventRounds "9"]
[EventCountry "HUN"]
[Source "chess.hu"]
[WhiteTeam "Ezust Huszar SE"]
[BlackTeam "Z. Baki Agrocentrum"]
[WhiteTeamCountry "HUN"]
[BlackTeamCountry "HUN"]

1. Nf3 c5 2. g3 d5 3. d4 cxd4 4. Nxd4 e5 5. Nb3 Nc6 6. Bg2 Nf6 7. O-O Bf5 8.
Bg5 Nb4 9. Na3 h6 10. Bxf6 Qxf6 11. c3 Na6 12. Qxd5 Bxa3 13. Qxb7 O-O 14. bxa3
Rac8 15. e4 Rc7 16. Qb5 Rb8 17. Qd3 Bd7 18. Rfd1 Ba4 19. Qd6 Bxb3 20. Qxf6 gxf6
21. axb3 Rxb3 22. Rd6 Nc5 23. Rxf6 Kg7 24. Rd6 Rxc3 25. Rad1 1/2-1/2

[Event "NB II. Szechenyi csoport"]
[Site "Zalaegerszeg"]
[Date "2023.12.10"]
[Round "3.10"]
[White "Csiszar, Albert"]
[Black "Simai, Laszlo"]
[Result "1/2-1/2"]
[WhiteElo "1750"]
[BlackElo "1609"]
[PlyCount "59"]
[EventDate "2023.10.08"]
[EventType "team-tourn"]
[EventRounds "9"]
[EventCountry "HUN"]
[Source "chess.hu"]
[WhiteTeam "Z. Baki Agrocentrum"]
[BlackTeam "Ezust Huszar SE"]
[WhiteTeamCountry "HUN"]
[BlackTeamCountry "HUN"]

1. d4 Nf6 2. Bg5 d5 3. e3 Nbd7 4. f4 h6 5. Bh4 c6 6. Nd2 Qb6 7. Rb1 g6 8. Bd3
Bg7 9. h3 Qa5 10. a3 c5 11. c3 c4 12. Bc2 b5 13. Ngf3 Qc7 14. O-O Nh7 15. Ne5
Ndf6 16. e4 Bb7 17. Qe2 e6 18. exd5 Bxd5 19. Nxg6 fxg6 20. Bxg6+ Kd7 21. f5 Ng5
22. Bxg5 hxg5 23. Nf3 Bxf3 24. fxe6+ Ke7 25. Qxf3 g4 26. Qxg4 Nxg4 27. Rf7+ Kd6
28. Rxc7 Kxc7 29. hxg4 Kd6 30. Re1 1/2-1/2

[Event "NB II. Szechenyi csoport"]
[Site "Zalaegerszeg"]
[Date "2023.12.10"]
[Round "3.11"]
[White "Pohl, Brigitta"]
[Black "Deak, Laszlo"]
[Result "0-1"]
[WhiteElo "1232"]
[BlackElo "1687"]
[PlyCount "94"]
[EventDate "2023.10.08"]
[EventType "team-tourn"]
[EventRounds "9"]
[EventCountry "HUN"]
[Source "chess.hu"]
[WhiteTeam "Ezust Huszar SE"]
[BlackTeam "Z. Baki Agrocentrum"]
[WhiteTeamCountry "HUN"]
[BlackTeamCountry "HUN"]

1. e4 Nc6 2. Nf3 e5 3. Bc4 Nf6 4. Nc3 Bb4 5. a3 Bxc3 6. bxc3 Nxe4 7. Bd5 Nf6 8.
Bxc6 dxc6 9. Nxe5 Qd5 10. Nf3 O-O 11. O-O Bg4 12. d3 Rfe8 13. c4 Qh5 14. h3
Bxf3 15. Qxf3 Qxf3 16. gxf3 Re2 17. Ra2 Re7 18. Bg5 h6 19. Bxf6 gxf6 20. Kh2
Rae8 21. Rg1+ Kf8 22. Rg4 Re2 23. Kg3 f5 24. Rd4 R8e7 25. f4 Rd2 26. Rb2 b6 27.
a4 Ke8 28. a5 Rd7 29. Rxd7 Kxd7 30. axb6 axb6 31. Kf3 Rd1 32. Rb3 c5 33. Ra3
Rh1 34. Kg2 Rc1 35. Ra2 Kc6 36. Kg3 Rg1+ 37. Kh2 Rc1 38. h4 Kb7 39. Kh3 Rh1+
40. Kg3 Rg1+ 41. Kf3 h5 42. c3 Rd1 43. Ke3 Rh1 44. d4 Rxh4 45. f3 Rh1 46. Rc2
h4 47. Kf2 Rh2+ 0-1

[Event "NB II. Szechenyi csoport"]
[Site "Ajka"]
[Date "2024.02.18"]
[Round "4.1"]
[White "Bardossi, Jeno"]
[Black "Kosztolanczi, Gyula"]
[Result "1/2-1/2"]
[WhiteElo "2043"]
[BlackElo "2071"]
[PlyCount "31"]
[EventDate "2023.10.08"]
[EventType "team-tourn"]
[EventRounds "9"]
[EventCountry "HUN"]
[Source "chess.hu"]
[WhiteTeam "Z. Baki Agrocentrum"]
[BlackTeam "Sentimento Ajka BSK "]
[WhiteTeamCountry "HUN"]
[BlackTeamCountry "HUN"]

1. e4 d5 2. exd5 Qxd5 3. Nf3 Nf6 4. d4 Bg4 5. Be2 e6 6. h3 Bh5 7. Bf4 Qa5+ 8.
c3 Bd6 9. Ne5 Bxe5 10. Bxe5 Bxe2 11. Qxe2 Nbd7 12. Bg3 O-O 13. Nd2 Qd5 14. O-O
c5 15. dxc5 Nxc5 16. Rfd1 1/2-1/2

[Event "NB II. Szechenyi csoport"]
[Site "Ajka"]
[Date "2024.02.18"]
[Round "4.2"]
[White "Pasti, Zsombor"]
[Black "Kirchner, Peter"]
[Result "1-0"]
[WhiteElo "1953"]
[BlackElo "1997"]
[PlyCount "77"]
[EventDate "2023.10.08"]
[EventType "team-tourn"]
[EventRounds "9"]
[EventCountry "HUN"]
[Source "chess.hu"]
[WhiteTeam "Sentimento Ajka BSK "]
[BlackTeam "Z. Baki Agrocentrum"]
[WhiteTeamCountry "HUN"]
[BlackTeamCountry "HUN"]

1. e4 d6 2. d4 Nf6 3. Nc3 g6 4. Nf3 Bg7 5. Be2 O-O 6. Bg5 Nc6 7. Qd2 Bg4 8.
O-O-O Re8 9. Rhe1 Nd7 10. d5 Nce5 11. Nd4 Bxe2 12. Qxe2 Nf8 13. f4 c5 14. Ndb5
f6 15. Bh4 Nf7 16. e5 fxe5 17. fxe5 Nxe5 18. Ne4 Qb6 19. Rf1 a6 20. Nbc3 Qb4
21. a3 Qa5 22. Bg3 b5 23. Nxc5 b4 24. axb4 Qxb4 25. Bxe5 dxe5 26. Nd3 Qc4 27.
Qe4 Qxe4 28. Nxe4 Nd7 29. Ndc5 Nf6 30. Nxf6+ exf6 31. d6 Ra7 32. Ne6 Rxe6 33.
d7 Rxd7 34. Rxd7 e4 35. Kd1 f5 36. Ke2 Bxb2 37. Rb1 Be5 38. Rbb7 Rc6 39. Rd8#
1-0

[Event "NB II. Szechenyi csoport"]
[Site "Ajka"]
[Date "2024.02.18"]
[Round "4.4"]
[White "Gaal, Sandor"]
[Black "Korcz, Sandor"]
[Result "1-0"]
[WhiteElo "1968"]
[BlackElo "1860"]
[PlyCount "47"]
[EventDate "2023.10.08"]
[EventType "team-tourn"]
[EventRounds "9"]
[EventCountry "HUN"]
[Source "chess.hu"]
[WhiteTeam "Sentimento Ajka BSK "]
[BlackTeam "Z. Baki Agrocentrum"]
[WhiteTeamCountry "HUN"]
[BlackTeamCountry "HUN"]

1. Nf3 Nf6 2. g3 e6 3. Bg2 Be7 4. O-O O-O 5. d3 Nc6 6. e4 e5 7. Nbd2 b5 8. a4
b4 9. Nc4 d6 10. Ne3 Rb8 11. c3 Ba6 12. Nf5 Nxe4 13. dxe4 Bxf1 14. Qxf1 bxc3
15. bxc3 Qd7 16. Be3 a5 17. Bh3 Qe8 18. Qa6 Bf6 19. Bf1 Ra8 20. Qc4 Rb8 21. Qd5
Rb2 22. Bb5 Ne7 23. Nxe7+ Qxe7 24. Bc1 1-0

[Event "NB II. Szechenyi csoport"]
[Site "Ajka"]
[Date "2024.02.18"]
[Round "4.5"]
[White "Nagy, Benedek"]
[Black "Mihalyfi, Gabor"]
[Result "0-1"]
[WhiteElo "1775"]
[BlackElo "1865"]
[PlyCount "104"]
[EventDate "2023.10.08"]
[EventType "team-tourn"]
[EventRounds "9"]
[EventCountry "HUN"]
[Source "chess.hu"]
[WhiteTeam "Z. Baki Agrocentrum"]
[BlackTeam "Sentimento Ajka BSK "]
[WhiteTeamCountry "HUN"]
[BlackTeamCountry "HUN"]

1. e4 e6 2. d4 d5 3. e5 c5 4. c3 Nc6 5. Nf3 Bd7 6. Be2 cxd4 7. cxd4 Bb4+ 8. Nc3
Rc8 9. O-O Nge7 10. a3 Bxc3 11. bxc3 Na5 12. Bg5 O-O 13. Rc1 Qe8 14. Nd2 Ba4
15. Qe1 h6 16. Bh4 Nf5 17. f4 Rc7 18. Bd3 Nxh4 19. Qxh4 Nb3 20. Nxb3 Bxb3 21.
Rf3 Qe7 22. Qxe7 Rxe7 23. c4 Rc8 24. c5 Ba4 25. f5 Rec7 26. g4 b6 27. Ba6 Rb8
28. Rfc3 b5 29. c6 Rb6 30. Bb7 b4 31. axb4 Rxb4 32. Rd3 Rbxb7 33. cxb7 Rxc1+
34. Kf2 Rb1 35. Ra3 Bc6 36. b8=Q+ Rxb8 37. Rxa7 Rd8 38. h4 Bd7 39. f6 gxf6 40.
exf6 e5 41. dxe5 Bxg4 42. Kg3 Be6 43. Kf4 d4 44. Ra1 d3 45. Rg1+ Kh8 46. Ke3 d2
47. Rd1 Bb3 48. Rxd2 Rxd2 49. Kxd2 h5 50. Ke3 Kh7 51. Ke4 Kg6 52. Kf4 Bd5 0-1

[Event "NB II. Szechenyi csoport"]
[Site "Ajka"]
[Date "2024.02.18"]
[Round "4.6"]
[White "Kishazi, Istvan"]
[Black "Cseke, Mihaly"]
[Result "1/2-1/2"]
[WhiteElo "1928"]
[BlackElo "1788"]
[PlyCount "29"]
[EventDate "2023.10.08"]
[EventType "team-tourn"]
[EventRounds "9"]
[EventCountry "HUN"]
[Source "chess.hu"]
[WhiteTeam "Sentimento Ajka BSK "]
[BlackTeam "Z. Baki Agrocentrum"]
[WhiteTeamCountry "HUN"]
[BlackTeamCountry "HUN"]

1. d4 Nf6 2. Nf3 g6 3. c3 Bg7 4. Bf4 O-O 5. Nbd2 d5 6. e3 c5 7. Bd3 Nc6 8. O-O
Qb6 9. Rb1 Nh5 10. Bg5 e5 11. dxe5 Nxe5 12. Nxe5 Bxe5 13. Nf3 Bg7 14. Re1 Bg4
15. h3 1/2-1/2

[Event "NB II. Szechenyi csoport"]
[Site "Ajka"]
[Date "2024.02.18"]
[Round "4.7"]
[White "Kokai, Miklos"]
[Black "Kariko, Lajos"]
[Result "1-0"]
[WhiteElo "1854"]
[BlackElo "1853"]
[PlyCount "73"]
[EventDate "2023.10.08"]
[EventType "team-tourn"]
[EventRounds "9"]
[EventCountry "HUN"]
[Source "chess.hu"]
[WhiteTeam "Z. Baki Agrocentrum"]
[BlackTeam "Sentimento Ajka BSK "]
[WhiteTeamCountry "HUN"]
[BlackTeamCountry "HUN"]

1. d4 Nf6 2. Bf4 e6 3. Nf3 d5 4. e3 Bd6 5. Bg3 a6 6. c3 c5 7. Bd3 Nc6 8. Nbd2
c4 9. Bc2 Qc7 10. e4 dxe4 11. Nxe4 Nxe4 12. Bxe4 Ne7 13. Qe2 Bxg3 14. hxg3 f5
15. Bc2 h6 16. a4 O-O 17. Ne5 Bd7 18. Nxd7 Qxd7 19. Qxc4 Rac8 20. Qd3 Rce8 21.
O-O Nd5 22. Rfe1 Qf7 23. Re5 Nf6 24. Bd1 Ng4 25. Bxg4 fxg4 26. Qe3 Qg6 27. Qe4
Qf7 28. Qe2 h5 29. Re1 Kh8 30. Qe3 Qf6 31. Rxh5+ Kg8 32. Re5 Kf7 33. d5 Rh8 34.
Rxe6 Rxe6 35. Qxe6+ Qxe6 36. Rxe6 Rd8 37. c4 1-0